La mala vida en Villena en 1800 (Record no. 168972)

MARC details
000 -LEADER
campo de control de longitud fija 00757nam a22001935i 4500
001 - NÚMERO DE CONTROL
campo de control 168972
003 - IDENTIFICADOR DE NÚMERO DE CONTROL
campo de control ES-MaACL
005 - FECHA Y HORA DE LA ÚLTIMA TRANSACCIÓN
campo de control 20250809063534.0
008 - DATOS DE LONGITUD FIJA--INFORMACIÓN GENERAL
campo de control de longitud fija 080709s1999 sp |||| | spa d
080 ## - NÚMERO DE LA CLASIFICACIÓN DECIMAL UNIVERSAL
Número de la Clasificación Decimal Universal 929 Selva, Pedro Antonio
100 1# - ENTRADA PRINCIPAL--NOMBRE DE PERSONA
Nombre de persona Vilar, Juan Bautista,
Fechas asociadas al nombre 1941-2018
9 (RLIN) 114797
245 13 - MENCIÓN DEL TÍTULO
Título La mala vida en Villena en 1800
Resto del título : las costumbres de un joven abogado volteriano /
Mención de responsabilidad, etc. Juan B. Vilar.
260 ## - PUBLICACIÓN, DISTRIBUCIÓN, ETC.
Lugar de publicación, distribución, etc. Murcia :
Nombre del editor, distribuidor, etc. Universidad,
Fecha de publicación, distribución, etc. 1999.
300 ## - DESCRIPCIÓN FÍSICA
Extensión p. [171]-181 ;
Dimensiones 24 cm.
595 ## -
-- Separata de: Contrastes : revista de historia moderna, nº 11, 1998-2000.
600 14 - PUNTO DE ACCESO ADICIONAL DE MATERIA--NOMBRE DE PERSONA
Nombre de persona Selva, Pedro Antonio.
9 (RLIN) 138090
852 ## - LOCALIZACIÓN
Ubicación ES-MaACL
Número de control de estantería 2232-F-13
itemnumber R.137656
Nota libre .- An. ms. : Ded. del autor al Ateneo de Madrid
Holdings
Estatus retirado Estado de pérdida Estado de daño No para préstamo Colección Biblioteca de origen Biblioteca actual Ubicación en estantería Fecha de adquisición Fuente de adquisición Total de préstamos Signatura topográfica completa Código de barras Visto por última vez Precio de reemplazo Tipo de ítem Koha
        Colección de folletos Biblioteca del Ateneo de Madrid Biblioteca del Ateneo de Madrid Depósito folletos 09/07/2008     2232-F-13 1177343 23/02/2023 23/02/2023 Folleto